000 00593nam a2200229 a 4500
001 nice12345678
003 IN_TiNIC
005 20260116015159.0
008 050524s1993 mona grp 000 0 eng
020 _a
_c100
082 0 0 _a303.61
_bJAB
100 _aJabbour, Elias J
245 _aSulha
_b Palestinian Traditional Peacemaking Process
260 _aMontreal
_bHouse of Hope Publications
_c1993
300 _a126p
500 _aincludes index and biblioraphy
505 2 _aLanguage Kashmiri
650 _aCivilization-Arab
902 _bSRS
942 _cBK
999 _c18646
_d18646